| 000 | nam a22 a 4500 | ||
|---|---|---|---|
| 999 |
_c4701 _d4701 |
||
| 003 | AKMAL | ||
| 005 | 20170731095858.0 | ||
| 008 | 170731s2017 my | e l 000 0 may d | ||
| 020 | _cRM52.00 | ||
| 082 | 0 | 4 |
_a343.595099 MAL _222 |
| 090 | 0 | 0 |
_a343.595099 _bMAL |
| 110 | 1 |
_aMalaysia _9400 |
|
| 245 | 1 | 0 |
_aAkta Komunikasi dan Multimedia 1998 (Akta 588), Peraturan-peraturan, Kaedah-kaedah dan Perintah, Akta Suruhanjaya Komunikasi dan Multimedia Malaysia 1998 (Akta 589) : _b(pindaan hingga Ogos 2005) / _cdisusun oleh: PEnasihat Undang-Undang MDC |
| 260 |
_aKuala Lumpur : _bMDC Publishers, _c2017. |
||
| 300 |
_a312 ms. ; _c27cm. |
||
| 490 | 1 | _aUndang-undang Malaysia | |
| 650 | 1 | 0 |
_aTelecommunication _xLaw and legislation _zMalaysia _98750 |
| 650 | 2 | 0 |
_aData transmission systems _xLaw and legislation _zMalaysia _99018 |
| 650 | 2 | 0 |
_aComputer networks _xLaw and legislation _zMalaysia _93721 |
| 830 | 0 |
_aUNDANG-UNDANG MALAYSIA _99019 |
|
| 942 |
_2ddc _cBOOK |
||
| 950 | _lAKMAL | ||